| 000 | 00432nam a2200181Ia 4500 | ||
|---|---|---|---|
| 001 | 20754 | ||
| 005 | 20260306172829.0 | ||
| 008 | 260306t2022||||xx |||||||||||||| ||spa|| | ||
| 041 | _aESP | ||
| 082 |
_a343.8 _bA47G |
||
| 100 |
_aAlva Matteucci, Mario _eAUT |
||
| 245 | 0 | _a50 casos prácticos de IGV e ISC | |
| 260 | _c2022 | ||
| 300 |
_a126 páginas : _c24 cm. |
||
| 650 | _aGEN | ||
| 654 | _aCDE | ||
| 942 |
_cLIB _dJUS _fJUS _2ddc _n |
||
| 999 |
_c20754 _d20754 |
||